Negatives - Sudden Death - Statistics

General Stats
  • This quiz has been taken 334 times
  • The average score is 6 of 16
Answers on the Grid
Answers color-coded by a green-red scale on the quiz's grid according to % correct below.
Abhorrent
Agonizing
Appalling
Apprehension
Consternation
Defenestration
Demise
Dignifying
Exuberant
Fantastical
Flabbergasted
Ignominious
Jovial
Liberty
Malevolence
Mortifying
Neutral
Objectively
Omnibenevolence
Opprobrium
Opulence
Ostentatious
Pejorative
Perturbed
Pessimistic
Potent
Providence
Resplendence
Sanguine
Seldom
Stupendous
Trepidation
 
Answer Stats
Answer % Correct
Pessimistic
65%
Mortifying
58%
Agonizing
56%
Malevolence
56%
Abhorrent
53%
Appalling
51%
Demise
50%
Perturbed
47%
Apprehension
41%
Trepidation
36%
Pejorative
33%
Consternation
28%
Defenestration
28%
Ignominious
18%
Opprobrium
14%
Ostentatious
13%
No matching quizzes found
Score Distribution
Percent of People with Each Score
Percentile by Number Answered
Your Score History
You have not taken this quiz